00671nam a2200193Ia 4500003000900000008004100009040001600050080001500066245013800081260005000219300001300269650001800282650002000300650002000320700003000340942000700370999001100377952008900388IN-BaIIA211028s9999 xx 000 0 eng d cIIA Library a910.4bFER 0aReport of the greenland expeditions of the university of Michiganbaerology expeditions of 1926 and 1927-29cedited by S.P. Fergusson aParisbAnn Arbor University of Michiganc1931 ax, 259p. aAstronomy980 aEngineering981 aMathematics982 aFergusson, S. P., ed.983 cBK c72d72 00104070aBANbKODcGENd0000-00-00l0o910.4/ FERp24r2021-11-05w0000-00-00yBK